12 Famous Roberts/Bobs: PICTURE QUIZ - Statistics

General Stats
  • This quiz has been taken 66 times
  • The average score is 6 of 12
Answer Stats
Picture Answer % Correct
Redford
86%
Kennedy
82%
Downey
77%
Hope
75%
Dylan
70%
Plant
65%
Hoskins
47%
Dole
35%
Moore
33%
De Niro
26%
Carlyle
25%
Reich
7%
No matching quizzes found
Score Distribution
Percent of People with Each Score
Percentile by Number Answered
Your Score History
You have not taken this quiz